[Event "Fars Province-ch"]
[Site "Shiraz"]
[Date "2017.07.24"]
[Round "8"]
[White "Namdarigharghani, Parsa"]
[Black "Alizadeh, Gh"]
[Result "0-1"]
[WhiteElo "1904"]
[BlackElo "2204"]
[PlyCount "100"]
[EventDate "2017.07.19"]
[EventType "swiss"]
[EventRounds "11"]
[EventCountry "IRI"]
[SourceTitle "CBM 187 Extra"]
[Source "ChessBase"]
[SourceDate "2018.11.04"]
[SourceVersion "1"]
[SourceVersionDate "2018.11.04"]
[SourceQuality "1"]

1. d4 Nf6 2. c4 c5 3. d5 e6 4. Nc3 exd5 5. cxd5 d6 6. Nf3 g6 7. Bf4 Bg7 8. Qa4+ Bd7 9. Qb3 Qc7 10. e4 0-0 11. Nd2 Re8 12. Be2 Na6 13. 0-0 Rac8 14. Nc4 Bf8 15. Bf3 Nb4 16. a4 a6 17. a5 Bb5 18. Rfd1 Bxc4 19. Qxc4 Bg7 20. Na2 Nxa2 21. Rxa2 Nd7 22. Bg4 Rcd8 23. Bxd7 Qxd7 24. b3 Bd4 25. Qd3 Qg4 26. Qf3 h5 27. h3 Qxf3 28. gxf3 f5 29. Re1 Rf8 30. Be3 Bc3 31. Bd2 Bxd2 32. Rxd2 fxe4 33. fxe4 Rf3 34. Re3 Rxe3 35. fxe3 Re8 36. b4 c4 37. Rd4 Rc8 38. e5 dxe5 39. Rd2 c3 40. Rc2 Kf7 41. e4 g5 42. Kf2 Ke7 43. Ke3 Kd6 44. Kd3 g4 45. hxg4 hxg4 46. Ke2 g3 47. Kf3 Rc4 48. Kxg3 Rxe4 49. Rxc3 Rxb4 50. Rd3 Rb5 0-1